00384 a2200121 4500020001200000035001200012037004500024082001100069245007400080260004500154300003900199700002400238 c2750.00 aB-78018 bRP-QRP-NIL / UBH-03-04:11 / RP-03-04:ENG14a709.541 aArt of Indiabprehistory to the presentcedited by Frederick M. Asher aHong KondbEncyclopedia Britannicac2003 avi, 501 pbphotos col.c29 cm (HB) aAsher, Frederick M.